000 00729nam a22002177a 4500
999 _c4424
_d4424
003 AR-CdUCM
008 190308b ||||| |||| 00| 0 spa d
040 _aMUNICIPALIDAD PROVINCIAL DEL CUSCO
_cBIBLIOTECA MUNICIPAL DEL CUSCO
082 _a702 /
_bSU86
110 _aMali Museo de Arte de Lima.
_913941
245 _aXII :
_bSubasta anual de arte 2007 /
260 _aLima :
_c2009.
300 _a78 páginas ;
_bilustraciones,
_c21 cm.
505 _aContenido: Arte Peruano -- Arte y diseño Contemporáneo -- Arte del siglo XX -- Artes decorativas.
650 _aArte
_9561
650 _aSubasta
_913942
650 _aPerú
_935
710 _aBanco Internacional de Finanzas.
_913943
942 _2ddc
_cLIBROS
945 _dachl